[Event "Online Olym Div2 B 2020"]
[Site "chess.com INT"]
[Date "2020.08.16"]
[Round "9.3"]
[Board "2"]
[White "Ftacnik, Lubomir"]
[Black "Miezis, Normunds"]
[Result "1-0"]
[WhiteTitle "GM"]
[BlackTitle "GM"]
[WhiteElo "2510"]
[BlackElo "2483"]
[WhiteTeam "Slovakia"]
[BlackTeam "Latvia"]
[WhiteFideId "14900017"]
[BlackFideId "11600136"]
[EventDate "2020.08.14"]
[EventType "team"]

1. d4 Nf6 2. Nf3 e6 3. c4 Bb4+ 4. Nbd2 O-O 5. a3 Be7 6. e4 d6 7. b3 e5 8. Bb2
exd4 9. Nxd4 Re8 10. Bd3 Bf8 11. O-O Nbd7 12. Re1 Nc5 13. Bc2 Bg4 14. f3 Bd7 15.
b4 Ne6 16. N2b3 Nf4 17. g3 Ng6 18. f4 c5 19. Nf5 Bc6 20. Nd2 cxb4 21. axb4 Qb6+
22. Bd4 Qxb4 23. Re3 Nxe4 24. Nxe4 Bxe4 25. Bxe4 Qxc4 26. Bxb7 Rad8 27. Qa4 Qxa4
28. Rxa4 Rxe3 29. Nxe3 Ne7 30. Rxa7 d5 31. Ra5 Rb8 32. Bxd5 Rb1+ 33. Kg2 Rb4 34.
Bc3 Nxd5 35. Nxd5 Rc4 36. Ra8 f6 37. Bb4 1-0

[Event "Online Olym Div2 B 2020"]
[Site "chess.com INT"]
[Date "2020.08.16"]
[Round "9.3"]
[Board "3"]
[White "Rogule, Laura"]
[Black "Movsesian, Julia"]
[Result "0-1"]
[WhiteTitle "WGM"]
[BlackTitle "WGM"]
[WhiteElo "2297"]
[BlackElo "2342"]
[WhiteTeam "Latvia"]
[BlackTeam "Slovakia"]
[WhiteFideId "11601876"]
[BlackFideId "4139690"]
[EventDate "2020.08.14"]
[EventType "team"]

1. c4 e5 2. Nc3 Nc6 3. g3 Nf6 4. Bg2 Bc5 5. e3 d6 6. Nge2 a6 7. O-O O-O 8. Nd5
Nxd5 9. cxd5 Ne7 10. d4 Ba7 11. dxe5 dxe5 12. b4 Nf5 13. Bb2 Qe7 14. Qb3 Re8 15.
Rfc1 h5 16. h3 Nd6 17. a4 Bf5 18. Kh2 Be4 19. f3 Bg6 20. Rc3 Rac8 21. Rac1 h4
22. g4 f5 23. gxf5 Bxf5 24. b5 axb5 25. axb5 Bb6 26. Ba3 Qg5 27. Bc5 Ba5 28. Bb4
Bb6 29. e4 Bd7 30. Bc5 Ba5 31. R3c2 Kh8 32. Be3 Qf6 33. Qa4 Ra8 34. Qb3 Bxb5 35.
Bc5 Bxe2 36. Rxe2 Qf4+ 37. Kh1 Qxc1+ 38. Bg1 Bb6 0-1

[Event "Online Olym Div2 B 2020"]
[Site "chess.com INT"]
[Date "2020.08.16"]
[Round "9.3"]
[Board "4"]
[White "Cibickova, Zuzana"]
[Black "Krumina, Linda"]
[Result "1-0"]
[WhiteTitle "WGM"]
[BlackTitle "WFM"]
[WhiteElo "2256"]
[BlackElo "2065"]
[WhiteTeam "Slovakia"]
[BlackTeam "Latvia"]
[WhiteFideId "14905779"]
[BlackFideId "11601701"]
[EventDate "2020.08.14"]
[EventType "team"]

1. e4 Nf6 2. e5 Nd5 3. d4 d6 4. Nf3 g6 5. Bc4 Nb6 6. Bb3 Bg7 7. Qe2 d5 8. a4 a5
9. h3 Nc6 10. c3 O-O 11. O-O Bf5 12. Nbd2 h6 13. Nh4 e6 14. Nxf5 exf5 15. f4 Qe7
16. Qf3 Rad8 17. Re1 Kh7 18. Nf1 Rd7 19. Ne3 Rfd8 20. Qe2 Qe6 21. Bd2 Ne7 22.
Qb5 Ra8 23. Rf1 Qc6 24. Qd3 Qe6 25. Rf2 c6 26. Raf1 Rdd8 27. g4 fxg4 28. hxg4
Nc4 29. Bxc4 dxc4 30. Qxc4 Nd5 31. Qe2 Nxe3 32. Bxe3 f5 33. gxf5 Qxf5 34. Rg2
Re8 35. Qg4 Qe4 36. Qf3 Qf5 37. Qg3 Re6 38. Bd2 Rae8 39. Qh2 Rf8 40. Rgf2 Kg8
41. Bc1 b5 42. axb5 cxb5 43. Qg3 Rd8 44. Rg2 a4 45. Qe1 Qd3 46. Qe2 Qxe2 47.
Rxe2 Bf8 48. f5 gxf5 49. Rxf5 Rg6+ 50. Rg2 Rxg2+ 51. Kxg2 Kg7 52. Rf6 Kh7 53.
Rb6 b4 54. Ra6 bxc3 55. bxc3 Rc8 56. Rxa4 Rxc3 57. Bf4 Kg6 58. Ra6+ Kf5 59. Bxh6
Bxh6 60. Rxh6 Rd3 61. Rf6+ Kg5 62. Rd6 Kf5 63. e6 Kf6 64. d5 1-0

[Event "Online Olym Div2 B 2020"]
[Site "chess.com INT"]
[Date "2020.08.16"]
[Round "9.3"]
[Board "5"]
[White "Batashevs, Arsens"]
[Black "Sahidi, Samir"]
[Result "0-1"]
[BlackTitle "FM"]
[WhiteElo "2149"]
[BlackElo "2400"]
[WhiteTeam "Latvia"]
[BlackTeam "Slovakia"]
[WhiteFideId "11603593"]
[BlackFideId "14936372"]
[EventDate "2020.08.14"]
[EventType "team"]

1. Nf3 Nf6 2. c4 g6 3. b3 Bg7 4. Bb2 O-O 5. Nc3 c5 6. e3 d5 7. Nxd5 Nxd5 8. Bxg7
Kxg7 9. cxd5 Qxd5 10. Bc4 Qd6 11. d4 cxd4 12. Qxd4+ Qf6 13. Qxf6+ Kxf6 14. Ke2
Nd7 15. Rac1 Nb6 16. Bd3 Be6 17. Be4 Bd5 18. Bxd5 Nxd5 19. Rhd1 Rfd8 20. g3 Nb6
21. Rc7 Rxd1 22. Kxd1 Rd8+ 23. Kc2 Rd7 24. Rc5 Nd5 25. a3 Rc7 26. Rxc7 Nxc7 27.
e4 h6 28. a4 Ke6 29. Kd3 Kd6 30. Kd4 e5+ 31. Kc4 Ne6 32. b4 b6 33. Ne1 Nd4 34.
f4 f6 35. b5 h5 36. h3 Ne2 0-1

[Event "Online Olym Div2 B 2020"]
[Site "chess.com INT"]
[Date "2020.08.16"]
[Round "9.3"]
[Board "6"]
[White "Ferkova, Dominika"]
[Black "Golsta, Ramona"]
[Result "1/2-1/2"]
[WhiteTitle "WFM"]
[WhiteElo "2111"]
[BlackElo "1708"]
[WhiteTeam "Slovakia"]
[BlackTeam "Latvia"]
[WhiteFideId "14933071"]
[BlackFideId "11607394"]
[EventDate "2020.08.14"]
[EventType "team"]

1. d4 d5 2. c4 e6 3. Nc3 Nf6 4. Nf3 c5 5. e3 dxc4 6. Bxc4 Nc6 7. O-O cxd4 8.
exd4 Be7 9. h3 O-O 10. Be3 a6 11. Ne5 Qc7 12. Nxc6 Qxc6 13. Be2 Rd8 14. Bf3 Qd6
15. Qc2 Rb8 16. Rfd1 b5 17. Ne2 Nd5 18. Bxd5 Qxd5 19. Qc7 Bb7 20. Nf4 Qd7 21.
Qxd7 Rxd7 22. Rac1 Bd6 23. Nd3 Bd5 24. b3 Rbd8 25. Nc5 Bxc5 26. Rxc5 Kf8 27.
Rdc1 Ke7 28. f3 f6 29. Kf2 Kf7 30. Rc7 Ke7 31. R7c2 Kf7 32. Rc7 Ke7 33. R7c2 Kf7
34. Rc7 1/2-1/2

[Event "Online Olym Div2 B 2020"]
[Site "chess.com INT"]
[Date "2020.08.16"]
[Round "9.4"]
[Board "1"]
[White "Bologan, Victor"]
[Black "Miron, Lucian-Costin"]
[Result "1-0"]
[WhiteTitle "GM"]
[BlackTitle "GM"]
[WhiteElo "2574"]
[BlackElo "2507"]
[WhiteTeam "Moldova"]
[BlackTeam "Romania"]
[WhiteFideId "13900048"]
[BlackFideId "1210920"]
[EventDate "2020.08.14"]
[EventType "team"]

1. e4 c5 2. Nf3 d6 3. d4 cxd4 4. Nxd4 Nf6 5. Nc3 a6 6. Be3 e5 7. Nf3 Qc7 8. a4
b6 9. Be2 Be7 10. O-O O-O 11. Nd2 Be6 12. f4 exf4 13. Bxf4 Nbd7 14. Nf3 Qc5+ 15.
Kh1 Ne5 16. Nd4 Rfe8 17. Qd2 Nc4 18. Bxc4 Bxc4 19. Rf3 Bf8 20. b3 Be6 21. Raf1
Bg4 22. Re3 Rac8 23. h3 Bh5 24. Nf5 Re6 25. Bg5 Nd7 26. Nd5 Qxc2 27. Qxc2 Rxc2
28. Nd4 Rc5 29. Nxe6 fxe6 30. b4 Rc4 31. Ne7+ Kh8 32. g4 Nf6 33. gxh5 Bxe7 34.
h6 Kg8 35. hxg7 Kxg7 36. Bxf6+ Bxf6 37. Rg3+ Kf7 38. Rgf3 1-0

[Event "Online Olym Div2 B 2020"]
[Site "chess.com INT"]
[Date "2020.08.16"]
[Round "9.4"]
[Board "2"]
[White "Gavrilescu, David"]
[Black "Iordachescu, Viorel"]
[Result "0-1"]
[WhiteTitle "IM"]
[BlackTitle "GM"]
[WhiteElo "2476"]
[BlackElo "2589"]
[WhiteTeam "Romania"]
[BlackTeam "Moldova"]
[WhiteFideId "1227190"]
[BlackFideId "13900200"]
[EventDate "2020.08.14"]
[EventType "team"]

1. e4 g6 2. d4 Bg7 3. Nf3 d6 4. Bd3 Nf6 5. O-O O-O 6. Re1 c5 7. c3 Nfd7 8. d5
Na6 9. a4 Nc7 10. Na3 b6 11. Bf4 Bb7 12. h3 Re8 13. Qd2 a6 14. Nc4 Rb8 15. Bf1
Ba8 16. h4 b5 17. axb5 axb5 18. Na5 Rb6 19. Rad1 b4 20. Nc6 bxc3 21. bxc3 Bxc6
22. dxc6 Rxc6 23. h5 Qc8 24. hxg6 hxg6 25. Bh6 Ne5 26. Nxe5 dxe5 27. Bc4 Ne6 28.
Qe3 Rb6 29. Rd5 Bf6 30. Red1 Kh7 31. Qh3 Kg8 32. Rd7 Nf8 33. Bxf8 Kxf8 34. Qh7
Bg7 35. R1d3 Rf6 36. g3 Qa8 37. Qh4 Qa4 38. Bxf7 Kxf7 0-1

[Event "Online Olym Div2 B 2020"]
[Site "chess.com INT"]
[Date "2020.08.16"]
[Round "9.4"]
[Board "3"]
[White "Gitu, Paula-Alexandra"]
[Black "Cosma, Elena-Luminita"]
[Result "1/2-1/2"]
[WhiteTitle "WFM"]
[BlackTitle "WGM"]
[WhiteElo "2113"]
[BlackElo "2311"]
[WhiteTeam "Moldova"]
[BlackTeam "Romania"]
[WhiteFideId "13904620"]
[BlackFideId "1201590"]
[EventDate "2020.08.14"]
[EventType "team"]

1. e4 e6 2. d4 d5 3. Nd2 c5 4. exd5 exd5 5. Ngf3 Nc6 6. Bb5 cxd4 7. Nxd4 Bd7 8.
N2f3 Nf6 9. O-O Be7 10. c3 O-O 11. Bd3 Rc8 12. h3 Re8 13. Re1 Bd6 14. Bg5 Rxe1+
15. Qxe1 Nxd4 16. Nxd4 h6 17. Bh4 g5 18. Bg3 Bxg3 19. fxg3 Qb6 20. Qf2 Ne4 21.
Bxe4 dxe4 22. g4 Re8 23. Rf1 Qg6 24. Qf6 Qxf6 25. Rxf6 Kg7 26. Rd6 Bc8 27. Kf2
e3+ 28. Ke2 b6 29. c4 Re5 30. b3 Ra5 31. a4 Re5 32. Nc2 Bb7 33. g3 Be4 34. Nxe3
Bc2 35. Kf3 Bxb3 36. Nf5+ Kf8 37. Rxh6 Kg8 38. Rc6 Bxa4 39. Rc8+ Kh7 40. Rc7 Kg6
41. Rxa7 Bd1+ 42. Kf2 Bb3 43. Rc7 Rc5 44. Rxc5 bxc5 45. Nd6 Kf6 46. Ne4+ Ke5 47.
Nxc5 Bxc4 48. Ke3 f5 49. gxf5 Kxf5 50. Ne4 Bd5 51. Nf2 Bg2 1/2-1/2

[Event "Online Olym Div2 B 2020"]
[Site "chess.com INT"]
[Date "2020.08.16"]
[Round "9.4"]
[Board "5"]
[White "Schitco, Ivan"]
[Black "Costachi, Mihnea"]
[Result "1/2-1/2"]
[WhiteTitle "IM"]
[BlackTitle "IM"]
[WhiteElo "2467"]
[BlackElo "2471"]
[WhiteTeam "Moldova"]
[BlackTeam "Romania"]
[WhiteFideId "13905465"]
[BlackFideId "1217518"]
[EventDate "2020.08.14"]
[EventType "team"]

1. e4 e5 2. Nf3 Nf6 3. Nxe5 d6 4. Nd3 Nxe4 5. Qe2 Qe7 6. Nf4 Nc6 7. c3 Nf6 8. d4
Bf5 9. f3 O-O-O 10. Qxe7 Bxe7 11. g4 Bd7 12. h4 Rde8 13. Kf2 h6 14. Bd3 g5 15.
Ng2 Nd5 16. Bc4 Nf6 17. Na3 Be6 18. hxg5 hxg5 19. Bxg5 Rxh1 20. Rxh1 Bxc4 21.
Bxf6 Bxa2 22. Bxe7 Rxe7 23. Ne3 a6 24. d5 Ne5 25. Rd1 b5 26. Rd4 Kd7 27. f4 c5
28. dxc6+ Nxc6 29. Rd2 b4 30. cxb4 Nxb4 31. Nac4 Bxc4 32. Nxc4 d5 33. Ne5+ Kd6
34. g5 Nc6 35. Nxc6 Kxc6 36. Kf3 Kc5 37. Rc2+ Kb4 38. Rc6 a5 39. Rd6 Kc5 40. Ra6
Kb5 41. Rd6 Kc5 42. Rd8 d4 43. f5 Rb7 44. Rc8+ Kd5 45. Kf4 Rxb2 46. Rd8+ Kc4 47.
g6 fxg6 48. fxg6 Rg2 49. Ke4 Rg4+ 50. Kf5 Rg1 51. Rc8+ Kb3 52. Rb8+ Kc3 53. Rc8+
Kb2 54. Rb8+ Kc2 55. Rc8+ Kb3 56. Rb8+ Kc3 57. Rc8+ Kd2 58. Ra8 d3 59. Rxa5 Kc3
60. Rd5 d2 61. Kf6 Rf1+ 62. Ke7 Re1+ 63. Kf7 Rf1+ 64. Ke7 Rg1 65. Kf7 d1=Q 66.
Rxd1 Rxd1 67. g7 Rf1+ 68. Ke7 Rg1 69. Kf7 Rf1+ 70. Ke7 Rg1 71. Kf7 Rxg7+ 72.
Kxg7 1/2-1/2

[Event "Online Olym Div2 B 2020"]
[Site "chess.com INT"]
[Date "2020.08.16"]
[Round "9.4"]
[Board "6"]
[White "Bucur, Denisa-Andreea"]
[Black "Mihailova, Alina"]
[Result "0-1"]
[WhiteElo "2063"]
[BlackElo "1741"]
[WhiteTeam "Romania"]
[BlackTeam "Moldova"]
[WhiteFideId "1238019"]
[BlackFideId "13907018"]
[EventDate "2020.08.14"]
[EventType "team"]

1. d4 d5 2. c4 c6 3. Nc3 Nf6 4. e3 Bf5 5. cxd5 cxd5 6. Qb3 Bc8 7. Nf3 Nc6 8. Bd3
e6 9. O-O Bd6 10. e4 dxe4 11. Nxe4 Nxe4 12. Bxe4 O-O 13. d5 exd5 14. Bxd5 Qc7
15. Be3 Bg4 16. h3 Bxf3 17. Bxf3 Ne5 18. Bd5 a5 19. Rac1 Qe7 20. Rfd1 Rfd8 21.
Bf4 Rab8 22. Qa4 b6 23. Qe4 Qf6 24. Bg3 Re8 25. Qa4 Rbd8 26. Rc2 Bc5 27. Rcd2 h6
28. a3 Ng6 29. b4 axb4 30. axb4 Be7 31. Bc7 Rc8 32. Bb7 Rxc7 33. Qxe8+ Nf8 34.
Bf3 Bxb4 35. Rd8 Rc2 36. Be2 Bc5 37. Rf1 Be7 38. Rc8 Rxe2 39. Rc6 Qg5 40. Rxb6
Re5 41. Qb8 Bc5 42. Rb3 Re6 43. Rg3 Qf5 44. Qb2 Rg6 45. Rxg6 Qxg6 46. Qc3 Ne6
47. Qc4 Bd6 48. Qd5 Nf4 49. Qf3 Be5 50. Kh1 Ne6 51. Qd5 Bc7 52. Qa8+ Kh7 53. Qf3
Ng5 54. Qg4 h5 55. Qc4 Bb6 56. f4 Ne4 0-1

[Event "Online Olym Div2 B 2020"]
[Site "chess.com INT"]
[Date "2020.08.16"]
[Round "9.5"]
[Board "1"]
[White "Severino, Sander"]
[Black "Tin, Jingyao"]
[Result "1-0"]
[WhiteTitle "FM"]
[BlackTitle "IM"]
[WhiteElo "2364"]
[BlackElo "2464"]
[WhiteTeam "IPCA"]
[BlackTeam "Singapore"]
[WhiteFideId "5204100"]
[BlackFideId "5804418"]
[EventDate "2020.08.14"]
[EventType "team"]

1. d4 Nf6 2. c4 e6 3. g3 Bb4+ 4. Bd2 a5 5. Bg2 d6 6. Nf3 Nbd7 7. O-O e5 8. Bg5
exd4 9. Nxd4 h6 10. Bf4 O-O 11. a3 Bc5 12. Nc3 Re8 13. Rc1 Ne5 14. Na4 Ng6 15.
Nxc5 dxc5 16. Nb5 Nxf4 17. gxf4 Qe7 18. Nc3 c6 19. e3 Bf5 20. Qe2 Rad8 21. Rfd1
Bg4 22. Bf3 Qe6 23. Bxg4 Nxg4 24. h3 Nf6 25. Kg2 Qf5 26. Rxd8 Rxd8 27. Rd1 Re8
28. Qd3 Qe6 29. b3 g5 30. Ne2 Kg7 31. Ng3 gxf4 32. exf4 Kh8 33. Rd2 Qe1 34. Qf5
Qe6 35. Qxc5 Rg8 36. Kh2 Kh7 37. Qxa5 Ne4 38. Re2 f5 39. Qxf5+ Qxf5 40. Nxf5 Nc5
41. b4 Nd3 42. Re7+ Kg6 43. Ne3 Nxf4 44. Rxb7 Ra8 45. Rc7 Rxa3 46. Rxc6+ Kg5 47.
Kg3 Ne2+ 48. Kg2 Nf4+ 49. Kh2 Ra2 50. h4+ Kxh4 51. Ng2+ Kg4 52. Nxf4 Kxf4 53.
Kg2 h5 54. b5 h4 55. b6 Ra3 56. Rh6 Kg4 57. Rg6+ Kf5 58. Rg8 Rb3 59. c5 Ke6 60.
c6 1-0

[Event "Online Olym Div2 B 2020"]
[Site "chess.com INT"]
[Date "2020.08.16"]
[Round "9.5"]
[Board "2"]
[White "Liu, Xiangyi"]
[Black "Obodchuk, Andrei"]
[Result "1/2-1/2"]
[WhiteTitle "IM"]
[BlackTitle "IM"]
[WhiteElo "2377"]
[BlackElo "2299"]
[WhiteTeam "Singapore"]
[BlackTeam "IPCA"]
[WhiteFideId "8605718"]
[BlackFideId "4114310"]
[EventDate "2020.08.14"]
[EventType "team"]

1. e4 c5 2. Nf3 Nc6 3. Bb5 g6 4. O-O Bg7 5. Re1 e5 6. c3 Nge7 7. a4 O-O 8. Na3
d6 9. Rb1 h6 10. b4 Be6 11. d3 cxb4 12. cxb4 d5 13. Bxc6 Nxc6 14. b5 Nd4 15.
Nxd4 exd4 16. e5 Rc8 17. Bb2 f6 18. Bxd4 fxe5 19. Bxe5 Bxe5 20. Rxe5 Qd6 21. d4
Bf5 22. Rb3 Rc7 23. h3 Rfc8 24. Qf3 Be4 25. Qg4 Rc3 26. Nb1 Rc1+ 27. Kh2 Re8 28.
Qf4 Rxe5 29. dxe5 Qc7 30. Nd2 Qc2 31. Nxe4 dxe4 32. Rg3 e3 33. e6 exf2 34. Qf7+
Kh8 35. Qf8+ Kh7 36. Qf7+ Kh8 37. Qe8+ Kh7 38. Qd7+ Kh8 39. Qd4+ Kh7 40. Qd7+
Kh8 41. Qe8+ Kh7 42. Qd7+ 1/2-1/2

[Event "Online Olym Div2 B 2020"]
[Site "chess.com INT"]
[Date "2020.08.16"]
[Round "9.5"]
[Board "3"]
[White "Aleksandrova, Aleksandra"]
[Black "Gong, Qianyun"]
[Result "0-1"]
[WhiteTitle "WFM"]
[BlackTitle "WGM"]
[WhiteElo "1791"]
[BlackElo "2333"]
[WhiteTeam "IPCA"]
[BlackTeam "Singapore"]
[WhiteFideId "4144198"]
[BlackFideId "8602425"]
[EventDate "2020.08.14"]
[EventType "team"]

1. e4 c5 2. d3 Nc6 3. c3 d5 4. Nd2 Nf6 5. Ngf3 Bg4 6. Be2 e6 7. O-O Bd6 8. h3
Bxf3 9. Bxf3 O-O 10. a4 Bc7 11. Re1 h6 12. Qc2 Rc8 13. Nf1 d4 14. Qb1 Nd7 15.
Bd2 Qf6 16. Be2 Rcd8 17. Qc1 c4 18. dxc4 Nc5 19. b4 Nxe4 20. f3 dxc3 21. Bxh6
Nd2 22. Bxd2 cxd2 23. Nxd2 Qd4+ 24. Kh1 Qxd2 25. Qxd2 Rxd2 26. b5 Nd4 27. Bf1
Nf5 28. a5 Rfd8 29. c5 Rc2 30. b6 axb6 31. cxb6 Bf4 32. Red1 Ng3+ 33. Kg1 Be3+
34. Kh2 Nxf1+ 35. Rxf1 Rdd2 36. Kg3 Rxg2+ 37. Kh4 Rc4+ 38. f4 Bxf4 0-1

[Event "Online Olym Div2 B 2020"]
[Site "chess.com INT"]
[Date "2020.08.16"]
[Round "9.5"]
[Board "4"]
[White "Liu, Yang Hazel"]
[Black "Jennitha, Anto K."]
[Result "0-1"]
[WhiteTitle "WFM"]
[BlackTitle "WIM"]
[WhiteElo "2046"]
[BlackElo "2001"]
[WhiteTeam "Singapore"]
[BlackTeam "IPCA"]
[WhiteFideId "5800919"]
[BlackFideId "5018218"]
[EventDate "2020.08.14"]
[EventType "team"]

1. d4 d5 2. Nc3 c6 3. Bf4 Nf6 4. e3 e6 5. Nf3 Nbd7 6. Bd3 Be7 7. O-O O-O 8. Ne2
Nh5 9. Bg3 Nxg3 10. Nxg3 b6 11. Rc1 Bb7 12. c3 g6 13. Qe2 f5 14. c4 Rc8 15. Qd2
Nf6 16. Ne2 Ne4 17. Qd1 Bf6 18. Nf4 Qe7 19. Qa4 Ra8 20. Ne5 Bxe5 21. dxe5 Rfe8
22. Bxe4 fxe4 23. Rfd1 Qg5 24. cxd5 exd5 25. e6 Qe5 26. b3 g5 27. Ne2 Rxe6 28.
Nd4 b5 29. Qa5 Rh6 30. g3 Rf6 31. Rc2 Qd6 32. Rdc1 Rc8 33. Nxb5 Qf8 34. Nd4 a6
35. Qb6 Qf7 36. Nxc6 Rf8 37. Qd4 Bxc6 38. Rxc6 Rxc6 39. Rxc6 Qxf2+ 0-1

[Event "Online Olym Div2 B 2020"]
[Site "chess.com INT"]
[Date "2020.08.16"]
[Round "9.5"]
[Board "5"]
[White "Lipilin, Ilia"]
[Black "Lee, Qing Aun"]
[Result "0-1"]
[WhiteTitle "FM"]
[BlackTitle "FM"]
[WhiteElo "2189"]
[BlackElo "2262"]
[WhiteTeam "IPCA"]
[BlackTeam "Singapore"]
[WhiteFideId "54113245"]
[BlackFideId "5804167"]
[EventDate "2020.08.14"]
[EventType "team"]

1. f4 c5 2. Nf3 Nc6 3. d3 g6 4. g3 Bg7 5. Bg2 d6 6. O-O e6 7. e4 Nge7 8. Nc3 O-O
9. Be3 Nd4 10. Rb1 h6 11. Ne2 Nxf3+ 12. Bxf3 Rb8 13. c3 b6 14. d4 Ba6 15. Qa4
Bd3 16. Rbd1 b5 17. Qa3 c4 18. b4 d5 19. e5 Nf5 20. Qc1 h5 21. Bd2 a5 22. Qa3
Ra8 23. Ra1 Qb6 24. Rf2 Rfb8 25. Nc1 axb4 26. Qxb4 Bf8 27. Qb2 Ba3 28. Nxd3 Bxb2
29. Nxb2 b4 30. Kg2 bxc3 31. Bxc3 Ra3 32. Nd1 Rxc3 33. Nxc3 Ne3+ 34. Kg1 Qxd4
35. Rc1 Qxc3 36. Rxc3 Rb1+ 0-1

[Event "Online Olym Div2 B 2020"]
[Site "chess.com INT"]
[Date "2020.08.16"]
[Round "9.5"]
[Board "6"]
[White "Rice, Lauren"]
[Black "Dorozhkina, Mariya"]
[Result "1/2-1/2"]
[BlackTitle "WFM"]
[WhiteElo "1514"]
[BlackElo "1705"]
[WhiteTeam "Singapore"]
[BlackTeam "IPCA"]
[WhiteFideId "5824591"]
[BlackFideId "54132185"]
[EventDate "2020.08.14"]
[EventType "team"]

1. c4 Nf6 2. Nc3 g6 3. d4 d5 4. Nf3 Bg7 5. g3 O-O 6. Bg2 dxc4 7. Ne5 Nc6 8. Nxc6
bxc6 9. Bxc6 Rb8 10. O-O Bb7 11. Bxb7 Rxb7 12. Na4 Ne4 13. e3 e6 14. Qc2 Qd5 15.
Nc3 Nxc3 16. bxc3 Rfb8 17. Ba3 e5 18. Rab1 exd4 19. cxd4 Qa5 20. Bc5 c3 21. Rxb7
Rxb7 22. Rb1 Rb5 23. Qe4 Rxb1+ 24. Qxb1 h5 25. a3 Bh6 26. Bb4 Qb5 27. Qc2 Bf8
28. Qxc3 Bxb4 29. axb4 c6 30. Qc5 Qa4 31. Kg2 Kg7 32. e4 h4 33. gxh4 Qd1 34. h3
Qd3 35. Qe5+ Kg8 36. d5 cxd5 37. exd5 Qc4 38. d6 Qxb4 39. Qe8+ Kg7 40. d7 Qb7+
41. Kg3 Qc7+ 42. Kg4 Qc4+ 43. f4 Qc2 44. Qe5+ Kh6 45. Qg5+ Kg7 46. Qe5+ Kh6 47.
Qg5+ Kg7 48. Qe5+ 1/2-1/2